000 00877nam a22002297a 4500
999 _c10962
_d10962
003 AR-CdUCM
008 190402b ||||| |||| 00| 0 spa d
020 _a84-7263-481-7
040 _aMUNICIPALIDAD PROVINCIAL DEL CUSCO
_cBIBLIOTECA MUNICIPAL DEL CUSCO
082 _24ed.
_aEP / 300 /
_bM86
100 _aMorató Comerma, Joaquín
_928047
245 _aPor favor mejoremos la convivenvia /
260 _aLima :
_bMinisterio de Educación,
_c1987.
300 _a80 paginas ;
_bilustraciones, graficos, dibujos,
_c28 cm.
505 _aContenido: convivenvia en el entorno -- lugares publicos -- comportamiento en la mesa -- asistencia medica -- actos religiosos -- la comunicacion...
650 _aTexto educativo
_925832
650 _aConvivencias
_928048
650 _aCiencias sociales
_91096
700 _aPuig, Ernest
_928049
942 _2ddc
_cLIBROS
945 _apjha